<?xml version="1.0" encoding="UTF-8"?>
<record
    xmlns:xsi="http://www.w3.org/2001/XMLSchema-instance"
    xsi:schemaLocation="http://www.loc.gov/MARC21/slim http://www.loc.gov/standards/marcxml/schema/MARC21slim.xsd"
    xmlns="http://www.loc.gov/MARC21/slim">

  <leader>00812nab a2200229 uc4500</leader>
  <controlfield tag="001">703459</controlfield>
  <controlfield tag="005">20240223085622.0</controlfield>
  <controlfield tag="008">011106e20010501                    spa  </controlfield>
  <datafield tag="035" ind1=" " ind2=" ">
    <subfield code="a">703459</subfield>
  </datafield>
  <datafield tag="035" ind1=" " ind2=" ">
    <subfield code="a">(OCoLC)819921769</subfield>
  </datafield>
  <datafield tag="040" ind1=" " ind2=" ">
    <subfield code="c">comduadb</subfield>
  </datafield>
  <datafield tag="041" ind1=" " ind2=" ">
    <subfield code="a">spa</subfield>
  </datafield>
  <datafield tag="100" ind1="1" ind2="0">
    <subfield code="a">Trachtenbarg, David E.</subfield>
    <subfield code="4">aut</subfield>
    <subfield code="e">aut</subfield>
    <subfield code="9">520373</subfield>
  </datafield>
  <datafield tag="245" ind1="1" ind2="0">
    <subfield code="a">Diez errores a evitar al manejar la diabetes tipo 2</subfield>
  </datafield>
  <datafield tag="650" ind1=" " ind2="7">
    <subfield code="a">Diabetes mellitus tipo 2</subfield>
    <subfield code="2">dcs</subfield>
    <subfield code="9">133780</subfield>
  </datafield>
  <datafield tag="650" ind1=" " ind2=" ">
    <subfield code="a">Diabetes mellitus tipo 2 - Complicaciones</subfield>
    <subfield code="9">81376</subfield>
  </datafield>
  <datafield tag="650" ind1=" " ind2="7">
    <subfield code="a">Diagn&#xF3;stico</subfield>
    <subfield code="2">dcs</subfield>
    <subfield code="9">44210</subfield>
  </datafield>
  <datafield tag="650" ind1=" " ind2=" ">
    <subfield code="a">Tratamiento</subfield>
    <subfield code="9">156667</subfield>
  </datafield>
  <datafield tag="650" ind1=" " ind2=" ">
    <subfield code="a">Control de riesgos</subfield>
    <subfield code="9">54332</subfield>
  </datafield>
  <datafield tag="773" ind1="0" ind2=" ">
    <subfield code="t">M&#xE9;dico-Legal : Revista Colombiana para los Profesionales de la Salud (Colombia)</subfield>
    <subfield code="g">Vol. 07, No. 02,  May.-Ago. 2001, p. 70-76</subfield>
    <subfield code="w">653071</subfield>
    <subfield code="x">0124-8286</subfield>
    <subfield code="0">190924</subfield>
  </datafield>
  <datafield tag="942" ind1=" " ind2=" ">
    <subfield code="c">ARIMP</subfield>
  </datafield>
  <datafield tag="999" ind1=" " ind2=" ">
    <subfield code="c">223079</subfield>
    <subfield code="d">223079</subfield>
  </datafield>
</record>
